[Event "Capablanca Memorial-A"]
[Site "Cienfuegos"]
[Date "1991.??.??"]
[Round "6"]
[White "Sariego Figueredo, Wilfredo"]
[Black "Soppe, Guillermo"]
[Result "1/2-1/2"]
[WhiteElo "2420"]
[BlackElo "2425"]
[Annotator "Ernst,T"]
[PlyCount "112"]
[EventDate "1991.??.??"]
[EventType "tourn"]
[EventRounds "13"]
[EventCountry "CUB"]
[EventCategory "10"]
[SourceTitle "CBM 026"]
[Source "ChessBase"]
[SourceDate "1992.02.01"]
[SourceVersion "1"]
[SourceVersionDate "1992.02.01"]
[SourceQuality "1"]

1. e4 {Blatny,P} d5 2. exd5 Qxd5 3. Nc3 Qa5 4. d4 Nf6 (4... e5 5. Qh5 $2 Nc6 $1
6. Bb5 Bd7 7. Bxc6 Bxc6 8. d5 Bb4 9. dxc6 Bxc3+ 10. Kf1 Bd4 11. Ne2 Nf6 $17 {
Olsson - Collijn, Stockholm 1920.}) (4... e5 5. Nf3 $1 Bg4 6. Bb5+ c6 7. Be2
Bb4 8. O-O Bxf3 9. Bxf3 Ne7 10. dxe5 O-O 11. Bd2 Qxe5 $16 {Lyskov - Persic,
UDSSR 1957.}) 5. Nf3 Bg4 (5... Nc6 6. Bb5 Bd7 7. Bd2 O-O-O 8. a4 $1 Qb6 9. Be3
Qa5 $16 {Psakhis.}) (5... Nc6 6. Bb5 Nd5 7. Qd3 Ndb4 8. Qe4 a6 9. Bxc6+ Nxc6
10. d5 Nd8 11. Bg5 $1 $16) (5... c6 6. Bc4 Bg4 7. h3 Bh5 8. Bd2 e6 9. Nd5 Qd8
10. Nxf6+ Qxf6 11. g4 Bg6 12. Qe2 $1 $16 Bxc2 13. Rc1 Qg6 14. Bf4 Bb4+ 15. Kf1
Bb1 16. Rxb1 $3 Qxb1+ 17. Kg2 Qg6 18. Bd3 $18 {Chandler - Rogers, Hong-Kong
1984.}) (5... c6 6. Bc4 Bg4 7. h3 Bh5 8. Bd2 Qb6 $6 9. g4 Bg6 10. Qe2 $1 Nbd7
11. O-O-O O-O-O 12. Ne5 e6 13. h4 $16 {Nunn - Rogers, London 1983.}) (5... Bf5
6. Bc4 c6 7. Bd2 Nbd7 8. Qe2 e6 9. d5 $1 cxd5 10. Nxd5 Qc5 11. b4 Qc8 12. Nxf6+
gxf6 13. Nd4 $16 {Spasskij - Larsen, Montreal 1979.}) (5... Bf5 6. Bc4 c6 7.
Bd2 e6 8. Qe2 Bb4 9. Ne5 Nbd7 10. Nxd7 Nxd7 11. a3 Nb6 12. O-O $16 {Chandler -
Rogers, Bath 1983.}) 6. h3 Bh5 (6... Bxf3 7. Qxf3 c6 8. Bd2 Nbd7 9. O-O-O e6
10. Bc4 Qc7 11. Rhe1 O-O-O 12. Bb3 $16 {Rubinstein - Bernstein, San Sebastian
1911.}) 7. g4 Bg6 8. Ne5 e6 (8... Nbd7 $2 9. Nc4 Qa6 10. Bf4 $16 {Aljechin -
Schröder, New York 1924.}) 9. Bg2 (9. Nc4 $5 {Blatny,P}) 9... c6 (9... Be4 10.
Bxe4 Nxe4 11. Qf3 Nd6 12. O-O $16) 10. h4 Nbd7 $138 (10... Be4 11. Bxe4 Nxe4
12. Qf3 Nd6 13. Bf4 $1 $16) (10... h6 $2 {Blatny,P ><e6,g6}) 11. Nxd7 Kxd7 (
11... Nxd7 $4 {Blatny,P} 12. h5 $18) 12. Bd2 $6 (12. h5 $6 Be4 13. Bxe4 Nxe4
14. Qf3 Nxc3 15. bxc3 Be7 $14) (12. d5 $3 cxd5 13. h5 Be4 14. f3 $16) 12... h6
13. Nd5 Qa4 14. b3 Qxd4 15. Nxf6+ gxf6 (15... Qxf6 $4 {Blatny,P} 16. Bc3+ $18)
16. Bc3 (16. h5 {Blatny,P} Bh7 (16... Be4 $2 17. Be3 Bb4+ 18. Ke2 Qxd1+ 19.
Raxd1+ Bd5 20. c4 $18) 17. Bxh6 Bb4+ $1 18. Ke2 Qxd1+ 19. Raxd1+ Ke7 $15) 16...
Qxd1+ 17. Rxd1+ Ke7 18. f4 Rg8 (18... Bxc2 {Blatny,P} 19. Rd2 Bh7 20. Ke2 $44)
19. O-O Bh7 (19... Bxc2 20. Rd2 Bh7 21. Rfd1 $44 (21. g5 {Blatny,P} fxg5 22.
fxg5 $13) (21. Rfd1 Rxg4 22. Rd7+ Ke8 23. Bxf6 Bc5+ $8 24. Kh2 Bb6 25. Re7+ Kf8
26. Rdd7 Bg6 $17)) 20. g5 hxg5 21. fxg5 fxg5 22. hxg5 Ke8 23. Rd7 (23. Bf6 $142
{Blatny,P}) 23... Rxg5 (23... Kxd7 $1 {Blatny,P} 24. Rxf7+ Be7 25. Rxh7 Rae8
26. Bf6 Kd6 $19 {_|_}) 24. Rdxf7 Bc5+ 25. Kh2 Bd6+ 26. Kg1 Be4 27. Rg7 Rxg7 28.
Bxg7 Bxc2 $19 29. Bd4 Bf5 30. Rd1 Ke7 (30... Rd8 $1 $19 {Blatny,P _|_}) 31. Be3
Rg8 32. Bxa7 Be4 33. Rd2 Bd5 (33... c5 $142 {Blatny,P}) 34. Kf1 Bxg2+ 35. Rxg2
Rxg2 36. Kxg2 c5 37. Bb6 Kd7 38. Kf3 Kc6 39. Bd8 Kb5 40. Bf6 Kb4 41. Bb2 b5 42.
Ke4 Bc7 43. Kd3 c4+ 44. bxc4 bxc4+ 45. Kc2 e5 46. Bc1 Bb6 47. Bd2+ Kb5 48. Bg5
Bd4 49. Be7 e4 50. Kd2 c3+ 51. Kc2 Kc4 52. Bh4 Bc5 (52... e3 $17) (52... e3 {
Blatny,P} 53. Be1 e2 54. a4 Kb4 55. Kd3 $10) 53. Be1 Bb4 54. Bf2 Ba5 55. Be3
Kd5 (55... Kb4 {Blatny,P} 56. Bd4 Kc4 57. Be3 $10) 56. Kb3 Ke6 1/2-1/2

[Event "ISR-ch"]
[Site "Ramat Aviv/Modiin"]
[Date "2000.12.21"]
[Round "5"]
[White "Finkel, Alexander"]
[Black "Gershon, Alik"]
[Result "1-0"]
[WhiteElo "2467"]
[BlackElo "2502"]
[Annotator "Finkel,A"]
[PlyCount "67"]
[EventDate "2000.12.17"]
[EventType "tourn"]
[EventRounds "11"]
[EventCountry "ISR"]
[EventCategory "11"]
[SourceTitle "CBM 081"]
[Source "ChessBase"]
[SourceDate "2001.03.20"]
[SourceVersion "1"]
[SourceVersionDate "2001.03.20"]
[SourceQuality "1"]

{[%mdl 96]} 1. e4 d5 2. exd5 Nf6 3. d4 Bg4 $5 {Dubious variation. Black
sacrifices a pawn hoping to get an active piece play, but white's defensive
resources are huge and it's extremly difficult to get full compensation. On
the other hand white has to play very carefully not to give black to develope
initiative.} 4. f3 Bf5 5. Bb5+ Nbd7 6. c4 e6 7. dxe6 (7. g4 $5 Bxb1 (7... Nxg4
$2 8. Bxd7+ Kxd7 9. fxg4 Qh4+ 10. Kf1 Bxg4 11. Nf3 Qh3+ 12. Kf2 $18 {Sobjerg
Erik-Schmied Andreas/It (open), Copenhagen (Denmark) 1995 (40)}) 8. dxe6 $1
fxe6 9. Rxb1 c6 10. Ba4 Bb4+ 11. Bd2 Nxg4 $6 12. Bxb4 Qh4+ 13. Ke2 Qf2+ 14. Kd3
$18 {Rodriguez Uria,J-Ribeiro,F/Candas open 1992 (26)}) 7... Bxe6 8. Bxd7+ $5 (
8. d5 Bf5 9. Nc3 (9. Ne2 $5 Bc5 10. Ng3 Bg6 11. Qe2+ Kf8 $1 12. Be3 Qe7 13.
Bxc5 Qxc5 14. Bxd7 Nxd7 $44 {Tindall,B-Cukier,M/XXXV WJuCh, Medellin COL 1996 
(34)}) (9. Be3 $6 Bb4+ 10. Nc3 (10. Bd2 {Mueller,Ka} Bc5 11. Qe2+ Be7 12. Bb4
a6 13. Bxe7 Qxe7 14. Qxe7+ Kxe7 15. Bxd7 Kxd7 16. Ne2 Rhe8 17. Kf2 Bd3 18. Nbc3
Bxc4 19. Rhd1 Rad8 $15 {1/2-1/2 Higatian,G-Carvalho,A/EU-chTW Debrecen 1992/
EU-chT (32)}) 10... O-O 11. Bxd7 Nxd7 (11... Bxc3+ $1 12. bxc3 Nxd7 13. Qd4 Re8
14. Kf2 Ne5 15. Rd1 Qf6 $44) 12. Bd4 Re8+ (12... Nc5 $5) 13. Nge2 Nc5 14. O-O
Bd3 15. b3 $16 {Stevanec,L-Carvalho,A/XIII WGirls, Medellin COL 1996/0-1 (66)})
9... Bb4 (9... Bc5 {Finkel,A} 10. Qe2+ Qe7 11. Qxe7+ (11. g4 Bd3 12. Qxe7+ Bxe7
13. Bf4 O-O-O 14. O-O-O Bg6 15. Nh3 $6 (15. Bxd7+ $1 Rxd7 16. h4 h5 17. g5 Nh7
18. Nge2 $16) 15... Nb6 $1 16. Na4 Na8 $13 {1/2-1/2 Renet,O-Galego,L/EUCup Gr1
Eupen 1994 (17)} (16... Na8 {Mueller,Ka} 17. Nc3 Nb6 18. Na4 {1/2-1/2 Renet,
O-Galego,L/EUCup Gr1 Eupen 1994/EXT 94})) 11... Kxe7 12. Bf4 Bd6 13. Bxd6+ cxd6
$16 {1/2-1/2 Rogado,N-Lima,P/ESP-chT2 1993}) (9... Be7 {Finkel,A Mueller,Ka}
10. g4 Bg6 11. f4 h6 12. f5 Bh7 13. h3 O-O 14. Bf4 Nc5 15. Qf3 a6 16. Ba4 Nxa4
17. Nxa4 Qe8 $13 {1-0 Polgar,J-Damaso,R/Oviedo rapid45 1992/TD 92\09 (36)}) 10.
Nge2 (10. Qe2+ {Finkel,A Mueller,Ka} Kf8 11. Be3 Nc5 12. O-O-O Qd6 $44 {
Rohl,J-Vitor,A/WchJT U26 Parnaiba 1995/JUN 95/0-1 (52)}) 10... O-O (10... Qe7 {
Finkel,A Mueller,Ka} 11. O-O O-O-O 12. Nd4 $14 {1-0 Yasseen,A-Ribeiro,F/Erevan
olm 1996/EXT 96ch2 (21)}) 11. Bxd7 $1 $16 {Agnos,D-Santos,C/EU-chTM 1997}) (8.
Nc3 Bb4 (8... Qe7 {Mueller,Ka} 9. Nge2 O-O-O 10. O-O c6 11. Bf4 g5 12. Bg3 Nh5
13. Bxc6 bxc6 14. Qa4 Nb8 15. Bxb8 Kxb8 16. Qxc6 Qb7 $15 {Vitor,A-Santos,C/
POR-ch 1992/TD 92\10/0-1 (58)}) 9. c5 $6 c6 10. Bd3 Nd5 11. Nge2 Qh4+ 12. g3
Qh3 13. Kf2 Nxc5 $1 $13 {Ribeiro Fernando-Damaso Rui/Ch Portugal, Lisbon 
(Portugal) 1995 (17)}) (8. c5 $6 c6 9. Bd3 b6 10. cxb6 Qxb6 11. Ne2 c5 12. O-O
cxd4 13. Nf4 Bd6 14. Nxe6 fxe6 15. Qb3 $14 {Shaked Tal-Cukier Marcelo/Ch World
(juniors) (under 1995 (42)}) 8... Qxd7 9. b3 Bb4+ 10. Kf2 b5 11. cxb5 Qxb5 12.
Ne2 (12. Ba3 a5 $1) 12... Rd8 $1 (12... O-O $6 13. Na3 Qf5 (13... Qd7 14. Nc2
Ba5 15. Ne3 Bb6 16. Bb2 Rfd8 17. Qc2 $16) (13... Qb7 {Finkel,A} 14. Nc2 c5 15.
Nxb4 Qxb4 16. Qd2 $16 {Dimitrov Vladimir-Spraggett Kevin/It open 1996 (20)})
14. Qc2 $1 $16) 13. Na3 (13. Nbc3 $5 Qf5 14. Ng3 Qa5 15. Nce2 O-O 16. Bb2 $14)
13... Qf5 14. Qc2 {It's quiet understandable that at this stage I wanted to
change the queens,but may be better was} (14. Nc2 Ne4+ 15. Kg1 Nc3 16. Ng3 $1
Nxd1 17. Nxf5 Bxf5 18. Nxb4 Rxd4 19. Nc6 $14) 14... c5 $1 15. Qxf5 Bxf5 16. Bb2
$6 {Dubious move after which only black may fight for the advantage.} (16. Nb5
$1 Bd3 $5 17. Nxa7 (17. a3 $1 Bxb5 18. axb4 cxd4 19. Rxa7 O-O 20. Bg5 $14 (20.
Bb2 Bxe2 21. Kxe2 Rfe8+ $132)) 17... Bxe2 18. Kxe2 Bc3 19. Rb1 Ra8 20. Nb5
Rxa2+ 21. Kd3 cxd4 $14) 16... cxd4 17. g4 $5 (17. Nxd4 $2 Bxa3 $1 (17... Rxd4
18. Bxd4 Bxa3 19. Rhe1+ Be6 20. Bxa7 $16) 18. Rae1+ Be6 $1 (18... Ne4+ $2 19.
fxe4 Bg6 20. Bxa3 Rxd4 $14) 19. Nxe6 Rd2+ $3 20. Kg3 Rxb2 $19) 17... d3 $5 (
17... Bg6 18. Nc4 (18. Nxd4 $2 Bxa3 19. Rhe1+ Ne4+ $1 20. Rxe4+ Bxe4 21. Bxa3
Rxd4 22. Ke3 Rd5 23. Kxe4 $15) 18... d3 19. Nf4 O-O 20. Rad1 Rfe8 $15) 18. Nd4
$1 ({It seems that white is okay after} 18. gxf5 dxe2 19. Nc4 e1=Q+ 20. Rhxe1+
Bxe1+ 21. Rxe1+ Kf8 22. Re5 {, but black has strong reply} Rd5 $1 $15 {
promising him certain advantage in the endgame.}) 18... Bg6 (18... Bxg4 $2 19.
fxg4 Bxa3 20. Rhe1+ Be7 21. Nf5 $16 {[%cal Ge1e8]}) 19. Nc6 Bc5+ 20. Kg2 Nxg4
$5 (20... Rc8 21. Rhe1+ Kf8 22. Ne5 h5 23. Nxg6+ fxg6 24. Rad1 $13) 21. Nxd8
Ne3+ 22. Kg3 Kxd8 23. Rac1 $1 (23. Nc4 $6 Nxc4 24. bxc4 f6 25. Rad1 Kd7 $15 {
[%csl Gd3]}) 23... Nf5+ $6 (23... Bxa3 $8 24. Bxa3 d2 25. Rcd1 Nxd1 26. Rxd1
Kc7 27. Rxd2 Re8 $11) 24. Kh3 Be3 (24... Bd4 25. Nc4 Re8 26. Rhd1 Bxb2 27. Nxb2
Ne3 28. Rd2 $18 {[%csl Rd3]}) 25. Rcd1 Nd4 $6 (25... Nd6 26. Be5 $5 Bc5 27.
Bxd6 Bxd6 28. Nc4 Bf4 29. Kg4 Bc7 30. Nb2 $16) 26. Nc4 Bf5+ 27. Kg2 Nc2 28. Ne5
$1 $18 Kc8 $2 (28... Kc7 29. Nxd3) 29. Nxf7 Rf8 30. Nd6+ Kb8 31. Bxg7 $1 Bh3+
32. Kxh3 Rxf3+ 33. Kg4 Rf4+ 34. Kh5 1-0

[Event "Sigeman & Co 13th"]
[Site "Malmo/Copenhagen"]
[Date "2005.04.16"]
[Round "2"]
[White "Hector, Jonny"]
[Black "Nakamura, Hikaru"]
[Result "0-1"]
[WhiteElo "2513"]
[BlackElo "2657"]
[Annotator "Finkel,A"]
[PlyCount "142"]
[EventDate "2005.04.15"]
[EventType "tourn"]
[EventRounds "9"]
[EventCountry "SWE"]
[EventCategory "13"]
[SourceTitle "CBM 107"]
[Source "ChessBase"]
[SourceDate "2005.08.01"]
[SourceVersion "1"]
[SourceVersionDate "2005.08.01"]
[SourceQuality "1"]

1. e4 d5 2. exd5 Qxd5 3. Nc3 Qa5 4. d4 c6 5. Bc4 Bf5 6. Bd2 e6 {By choosing
this move order black deviates from the 7.Nd5 variation which seemed to suffer
a serious blow in the Grischuk-Bauer game. On the other hand, the line which
occured in the game appears to be very dangerous too!} 7. g4 (7. Qf3 Bb4 (7...
Bxc2 $6 8. d5 $36) 8. Qg3 Bg6 9. Nge2 Nf6 10. a3 O-O 11. O-O Bxc3 12. Bxc3 Qb6
$14 {Nisipeanu,L-Mueller,K/Hamburg 1998}) (7. d5 cxd5 8. Nxd5 Qd8 9. Qe2 Ne7 $2
(9... Nf6 $1 {(Wahls)}) 10. Ne3 Nbc6 11. Nf3 Qc7 12. O-O-O O-O-O 13. Bc3 $16 {
Kupreichik,V-Wahls,M/Bad Endbach 1995}) 7... Bg6 8. Qe2 (8. h4 h5 9. d5 Qc5 10.
Qe2 cxd5 11. Nxd5 hxg4 12. Bf4 Bd6 (12... Nc6 $2 13. Nc7+ Ke7 14. Nxe6 $1 {
1-0 Leyva,R-Matamoros Franco,C/Varadero 2000/CBM 76 ext (14)}) 13. b4 Qd4 14.
Rd1 Qe4 15. Bxd6 exd5 16. Bxd5 Qxe2+ 17. Nxe2 Nc6 $14) (8. Nh3 Qb6 (8... Qc7 9.
Qe2 Nd7 10. d5 cxd5 11. Nxd5 Qc6 12. Nhf4 $14 {Ahn,M-Buytaert,K/Charleroi 2001}
) 9. Qe2 Nd7 10. O-O-O O-O-O 11. Nf4 $14 {Chandler,M-Forster,R/Bermuda 1999}) (
8. Nge2 Nf6 9. Nf4 Bb4 10. Qe2 Nd5 11. Nfxd5 (11. Bxd5 cxd5 12. Nxe6 fxe6 13.
Qxe6+ Kd8 $13 {Jurkovic,H-Mukic,J/Kastav 2002}) 11... cxd5 12. Bxd5 Nc6 13.
Bxc6+ bxc6 $44) (8. d5 $5 Qc5 (8... cxd5 9. Nxd5 Qd8 10. Qe2 Nf6 11. Nxf6+ Qxf6
12. O-O-O Nc6 13. f4 O-O-O 14. Nf3 Bd6 $11) 9. Qe2 cxd5 10. Nxd5 Nf6 11. Bb4
Qc8 12. Nxf6+ gxf6 13. Bc3 Be7 14. g5 $36 {Rasmussen,K-Mukic,J/Saint Vincent
2000}) 8... Bb4 9. f4 (9. O-O-O h5 (9... Ne7 10. Nh3 h5 (10... Nd5 $5 11. Bxd5
cxd5 12. Nf4 Nc6 13. Nfxd5 Bxc2 $1 $17 {Handke,F-Zill,C/Bad Wiessee 2003}) 11.
Nf4 hxg4 12. d5 cxd5 13. Ncxd5 Bxd2+ 14. Rxd2 exd5 15. Nxg6 fxg6 16. Rxd5 $40 {
Greger,U-Koeller,O/Germany 2000}) (9... Nf6 10. Nh3 Nbd7 11. Nf4 O-O-O 12. h4
Qc7 13. h5 Bxc3 14. bxc3 Be4 15. f3 Bd5 16. Bb3 e5 $15 {Stelzer,H-Duncker,J/
Germany 2002}) (9... Ne7 $5) 10. d5 cxd5 11. Nxd5 Bxd2+ 12. Rxd2 Nc6 13. Nf4
Nge7 14. gxh5 Bxh5 15. Nxh5 Rxh5 16. Nf3 Qc5 $132 {Koch,J-Prie,E/Chambery 1994}
) (9. Nh3 Ne7 10. Nf4 Nd7 11. O-O-O O-O-O 12. h4 h5 13. g5 Nb6 14. Nxg6 Nxg6
15. Bxe6+ fxe6 16. Qxe6+ $16 {Baklan,V-Sjodahl,P/Germany 1999}) 9... Ne7 10.
O-O-O Nd7 (10... Qc7 11. Rf1 {[%cal Gf4f5]} (11. Nh3 h5 (11... Nd7 12. f5 exf5
13. gxf5 Bxf5 14. Bxf7+ Kxf7 15. Qc4+ Ke8 16. Qxb4 Bxh3 17. Rde1 Nf6 18. Re3
$16 {Titzhoff,F-Gottschlich,C/Germany 2003}) 12. f5 exf5 13. gxf5 Bxf5 14. Ng5
Bg6 15. Nxf7 Bxf7 16. Bxf7+ Kxf7 17. Qc4+ Ke8 18. Qxb4 $16 {Titzhoff,F-David,A/
Germany 2003}) 11... Kd8 12. Nh3 h6 13. f5 exf5 14. g5 Nd7 15. gxh6 gxh6 16.
Nf4 Nb6 17. h4 h5 18. Bb3 $16 {Fedorov,A-Slovineanu,V/Eforie Nord 2000}) 11. a3
(11. Nf3 Qc7 12. Ne5 O-O-O 13. a3 Nxe5 14. dxe5 Ba5 15. Qf2 Bb6 16. Be3 $14 {
Nunn,J-Keitlinghaus,L/Germany/2003}) 11... Bxc3 12. Bxc3 Qc7 13. Nh3 {This
move is a novelty according to my database. White intends to push d5 instead
of f5 which was tried before.} (13. f5 exf5 14. gxf5 Bxf5 (14... Qf4+ $2 15.
Kb1 Qxf5 16. Re1 O-O-O 17. Qxe7 Qxc2+ 18. Ka2 Qg2 19. Ne2 Rhe8 20. Qh4 Re4 21.
Nf4 {1-0 Perez,L-Vazquez,R/Havana 1999/CBM 70 ext (21)}) 15. Re1 Nb6 16. Bb4
Nxc4 17. Qxe7+ Qxe7 18. Rxe7+ Kd8 $13 {Alvim,A-Dijksman,L/IECC Email 1999/
MegaCorr2}) 13... Nb6 14. d5 $5 exd5 $6 {A very risky decision by Nakamura. It
was safer to opt for 14...c:d5 with an unclear position:} (14... Nxc4 $6 15.
dxe6 Nd6 (15... fxe6 $2 16. Qxc4 Nd5 17. f5 $1 Nxc3 18. Qxe6+ Qe7 19. Qxe7+
Kxe7 20. bxc3 $18) 16. Bxg7 $1 (16. f5 $6 f6 17. fxg6 hxg6 18. Nf4 O-O-O 19. h4
Nb5 20. Bd2 Nd4 21. Qf2 c5 $13) 16... Rg8 17. Be5 O-O-O 18. f5 fxe6 19. fxg6
Nxg6 20. Nf4 $16) (14... cxd5 15. Bxg7 Qxc4 (15... Rg8 $6 16. Bb5+ Nc6 17. Be5
Qe7 18. f5 exf5 19. g5 O-O-O 20. Bf6 Qxe2 21. Bxe2 $14) 16. Qxc4 Nxc4 17. Bxh8
Ne3 18. Rd2 Nxg4 19. Rg1 Ne3 20. Ng5 Rc8 $132) 15. Bxg7 Rg8 16. Be5 Qd7 17. Bd3
$6 {It was better to keep the bishop on the board with a very strong
initiative.} (17. Bb3 $1 {[%cal Gf4f5]} Bh5 (17... f5 18. g5 O-O-O 19. Ng1 Bf7
20. h4 Ng6 21. Nf3 $16) 18. gxh5 Qxh3 19. Rhe1 {[%cal Ge5f6]} Qe6 20. Qf2 $16)
17... Bxd3 18. Qxd3 Rxg4 19. Ng5 (19. Rhe1 $5 O-O-O 20. Bf6 Re8 21. Qxh7 Ng8 (
21... Ng6 22. f5 Nf4 (22... Nf8 23. Qh8 Nc4 24. Rxe8+ Qxe8 25. Bg7 $16) 23.
Nxf4 Rxf4 24. h4 Nc4 25. h5 $16 {[%cal Gh5h8]}) 22. Bd4 f6 23. Qh5 Rxe1 24.
Rxe1 $14) 19... Qf5 20. Nxh7 Nd7 21. h4 (21. Qxf5 Nxf5 22. Rdg1 Rg6 $5 $13)
21... Qxd3 22. Rxd3 Rg6 {[%cal Gf7f6,Gg6h6]} 23. h5 $6 (23. Re1 $5 Nxe5 $6 (
23... Rh6 24. Rde3 Nxe5 25. Rxe5 Rxh7 26. Rxe7+ Kf8 27. Rxb7 Rxh4 28. Rc7 $14)
24. fxe5 (24. Rxe5 $2 f6 $15 {[%csl Rh7][%cal Ge8f7]}) 24... Nf5 (24... O-O-O
25. Rf3 Rg7 26. Ng5 Rh8 27. Nxf7 Rxh4 28. Nd6+ Kd7 29. Nxb7 $16) 25. Nf6+ Ke7
26. h5 Rg2 27. c4 dxc4 28. Rd7+ Ke6 29. Rxb7 Nd4 $132) 23... Rh6 24. Ng5 f6 25.
Bc3 Nf5 $5 (25... fxg5 26. fxg5 Rh7 27. Rdd1 Nf8 28. g6 Nexg6 29. hxg6 Rxh1 30.
Rxh1 Nxg6 31. Rh6 Nf8 32. Bd4 a6 $15) 26. Bb4 Nb6 (26... fxg5 27. fxg5 Re6 28.
Rf1 Ne7 29. Rdf3 O-O-O 30. Rf7 Re8 31. Bxe7 R6xe7 32. g6 $44) 27. Re1+ (27. Ne6
Kf7 (27... Kd7 28. Nc5+ Kc7 29. Ne6+ Kd7 $11) 28. Nc5 Rb8 29. b3 d4 $13) 27...
Kd7 28. Ne6 Rg8 29. b3 $6 Rxh5 $17 30. a4 Nc8 31. Nf8+ Kc7 32. c4 Rg3 33. Ne6+
Kb8 34. Rxg3 Nxg3 35. Nc5 (35. cxd5 cxd5 36. Kb2 Ne4 $17) 35... Rf5 36. Re8 (
36. cxd5) 36... b6 37. Ne6 dxc4 38. bxc4 c5 39. Bd2 Rh5 40. f5 $2 Nxf5 41. Rd8
Kb7 42. a5 Nfe7 43. Bf4 bxa5 $1 (43... Ka6 44. axb6 axb6 45. Rf8 Ka5 46. Bd2+
Ka4 47. Kc2 Rh4 48. Kc3 Rh3+ 49. Kc2 $132 {[%csl Ra4]}) 44. Rd7+ Kb6 45. Rc7
Rh3 46. Rxc5 a4 47. Bc7+ $6 (47. Rb5+ Kc6 48. Nd4+ Kd7 49. Rb7+ Ke8 50. Kb2)
47... Ka6 48. Bd8 Re3 49. Rc6+ Kb7 50. Rc7+ Kb8 51. Nc5 a3 52. Kb1 (52. Nd7+
Ka8 53. Nxf6 Re1+ 54. Kc2 a2 $19) 52... f5 53. Na6+ $6 Ka8 54. c5 Nd5 $1 $19
55. c6 (55. Rxc8+ Kb7 56. Rb8+ Kxa6 57. c6 Re1+ 58. Ka2 Nc3+ 59. Kxa3 Ra1+ 60.
Kb3 Rb1+ 61. Kxc3 Rxb8 $19) 55... Nd6 56. Rd7 Rb3+ 57. Kc2 (57. Ka2 Rb2+ 58.
Kxa3 Nc4+ 59. Ka4 Nc3#) 57... Rc3+ 58. Kb1 Rxc6 59. Nc7+ Nxc7 60. Bxc7 Nb5 61.
Be5 Re6 62. Rd5 a6 63. Rc5 Kb7 64. Bf4 Re1+ 65. Ka2 Re2+ 66. Ka1 Kb6 67. Rc8 (
67. Rxf5 Nc3 $19 {[%csl Ra1]}) 67... Nd4 68. Rc3 Kb5 69. Bd6 Nc2+ 70. Kb1 Re1+
71. Kxc2 a2 0-1

[Event "Linz"]
[Site "Linz"]
[Date "1997.05.24"]
[Round "8"]
[White "Lanka, Zigurds"]
[Black "Bacrot, Etienne"]
[Result "0-1"]
[WhiteElo "2575"]
[BlackElo "2500"]
[Annotator "Finkel,A"]
[PlyCount "76"]
[EventDate "1997.05.17"]
[EventType "tourn"]
[EventRounds "9"]
[EventCountry "AUT"]
[EventCategory "12"]
[SourceTitle "CBM 059"]
[Source "ChessBase"]
[SourceDate "1997.08.01"]
[SourceVersion "1"]
[SourceVersionDate "1997.08.01"]
[SourceQuality "1"]

1. e4 d5 2. exd5 Qxd5 3. Nc3 Qa5 4. d4 Nf6 5. Bd2 {Rare continuation leading
to very complicated position.} Bg4 6. f3 Bf5 7. g4 (7. Bc4 $5 c6 (7... Qb4 8.
b3 Qd6 9. Nge2 c6 10. g4 Bg6 11. h4 h5 12. g5 Nd5 13. Ne4 Qc7 14. Bd3 e6 15. c4
$14 {Kadar,G-Velvart,P/HUN-chT 1993 (32)}) 8. Nge2 e6 9. g4 Bg6 10. h4 h6 11.
Nf4 Bh7 12. Qe2 Bb4 13. g5 $1 hxg5 14. Nxe6 $1 $16 {Spangenberg Hugo-Oral
Tomas/Ch World (juniors) (under 1995 (35)}) 7... Bg6 8. f4 (8. Nge2 $5 e6 9. h4
h5 10. Nf4 Bd6 11. Nxg6 $6 (11. Nb5 $5 Qb6 12. Nxd6+ Qxd6 13. g5 $1 Nd5 14.
Nxg6 Qg3+ 15. Ke2 fxg6 16. Rh3 $16) 11... Bg3+ 12. Ke2 fxg6 13. Be1 Qa6+ 14.
Ke3 $6 (14. Qd3 $5 $14) 14... Qd6 15. Qd3 O-O $36 {Bokan,D-Muhutdinov,M/Moscow
II 1990 (26)}) 8... e6 9. Bg2 Qa6 (9... Qb6 $5) 10. g5 Nfd7 11. d5 {It seems
that white has achieved some opening advantage,but if we'll try to look deeper
on the position we'll notice that black's position is very solid,all his
pieces are pretty good placed and the activity of white pieces is only visible.
} Bd6 (11... Bc5 12. Qe2 Qxe2+ 13. Ngxe2 e5 $5 14. O-O-O O-O 15. h4 $14) 12.
Qe2 Qxe2+ 13. Ngxe2 exd5 14. Nxd5 Nc6 $11 {After exchange of queens the
position is balanced,but white has to play carefully because his pawns on the
kingside are quiet vulnerable.} 15. O-O-O O-O-O 16. Bc3 Bh5 $1 (16... Rhe8 $6
17. Rd2 Bf8 18. Ng3 h6 19. h4 $14) 17. Rde1 (17. Rd2 $1) 17... Nb6 $1 $15 18.
Nxb6+ (18. Bxg7 Nxd5 $1 19. Bxd5 (19. Bxh8 Nxf4 $1 $17) 19... Rhe8 20. Bxc6
Rxe2 (20... bxc6 $5 21. Ng3 Bxf4+ 22. Kb1 Bg6 23. Rxe8 Rxe8 24. Bf6 Bxg3 25.
hxg3 Re2 $15) 21. Rxe2 Bxe2 22. Be4 Bxf4+ 23. Kb1 Bxg5 $15) 18... axb6 19. Rhf1
(19. Ng3 $5 Bxf4+ 20. Kb1 Bg6 21. Bxg7 Rhg8 22. Bh3+ Kb8 23. Bf6 Rd2 $15) 19...
Rhe8 20. Ng3 $2 {Simply blundering a pawn.After} (20. Bf3 Bxf3 21. Rxf3 Bc5 $1
(21... Re4 22. Bxg7 Rde8 23. Kd1 Nb4 $11) 22. Ng3 Rxe1+ 23. Bxe1 Re8 $15 {
black's advantage is symbolical.}) 20... Rxe1+ 21. Rxe1 Bxf4+ 22. Kb1 Bg6 $17
23. Ne4 Bxh2 24. Bxg7 Kb8 $1 {Preparing the unpleasent pin on the e-file.} 25.
b3 Re8 26. Bc3 Bf4 27. a4 Re6 $1 {Bringing last remaining piece in the game.}
28. Bf3 Ne7 29. Kb2 Nd5 30. Re2 Ne3 $19 31. Nf2 Bxg5 32. Bd4 Nxc2 $1 33. Rxc2
Bxc2 34. Kxc2 Bf6 35. Bd5 Bxd4 36. Bxe6 fxe6 37. Nh3 e5 38. Kd3 h6 {Fantastic
technique,espacially taking into consideration the fact,that player with the
black pieces is only 13 years old!} 0-1